| 000 | 01421nam a2200253Ia 4500 | ||
|---|---|---|---|
| 999 |
_c37415 _d37415 |
||
| 001 | 3374 | ||
| 003 | GE_BSU | ||
| 005 | 20190605202405.0 | ||
| 008 | 181216s1987|||| |||||||||||||| ||geo|| | ||
| 040 | _cGE_BSU | ||
| 041 | _ageo | ||
| 080 | _a620.17(075.8) ლ-86 | ||
| 100 |
_aლოსაბერიძე, ა. _91068 |
||
| 245 |
_aსაანგარიშო-საპროექტო სამუშაოები მასალათა გამძლეობაში მექანიკური სპეციალობებისათვის : _bდამხმ. სახელმძღვ. / _cა. ლოსაბერიძე ; ა. მჭედლიშვილი ; ა.ცქიტიშვილი ; რედ : მ. ძიძიგური. |
||
| 264 |
_aთბილისი : _bსპი, _c1987. |
||
| 300 |
_a96 გვ .: _b48 ილ. _c20 სმ. |
||
| 653 | _aსაანგარიშო-საპროექტო სამუშაოები მასალათა გამძლეობაში | ||
| 653 | _aმასალათა გამძლეობა | ||
| 700 |
_aმჭედლიშვილი, ა _92197 |
||
| 700 |
_aცქიტიშვილი, ა _92198 |
||
| 700 |
_aძიძიგური, მ _eრედაქტორი _9472 |
||
| 710 |
_eსაქ. პოლიტექნ. ინ-ტი. _92199 |
||
| 942 |
_cBK _2udc |
||